[Event "Terre degli Elimi op 4th"]
[Site "Erice"]
[Date "2013.07.25"]
[Round "2"]
[White "Gelardi, Davide"]
[Black "Gruppuso, Arcangelo"]
[Result "1-0"]
[WhiteElo "1854"]
[BlackElo "1586"]
[PlyCount "47"]
[EventDate "2013.07.24"]
[EventType "swiss"]
[EventRounds "7"]
[EventCountry "ITA"]
[SourceTitle "EXT 2015"]
[Source "ChessBase"]
[SourceDate "2014.11.20"]
[SourceVersion "1"]
[SourceVersionDate "2014.11.20"]
[SourceQuality "1"]

1. d4 Nf6 2. Nf3 d5 3. c4 c6 4. g3 Bf5 5. Nbd2 Qc7 6. Bg2 Ne4 7. 0-0 g6 8. Nh4 Nxd2 9. Bxd2 Be6 10. cxd5 cxd5 11. Rc1 Nc6 12. Bf4 Qd7 13. Qd2 Bh3 14. b4 Bxg2 15. Kxg2 h6 16. Nf3 e6 17. b5 Ne7 18. a4 f6 19. Rc7 Qd8 20. Qc2 Rc8 21. Rc1 Rxc7 22. Qxc7 Qd7 23. Qxd7+ Kxd7 24. Rc7+ 1-0

[Event "Terre degli Elimi op 4th"]
[Site "Erice"]
[Date "2013.07.25"]
[Round "3"]
[White "Kampman, Tijmen"]
[Black "Gelardi, Davide"]
[Result "1-0"]
[WhiteElo "2094"]
[BlackElo "1854"]
[PlyCount "92"]
[EventDate "2013.07.24"]
[EventType "swiss"]
[EventRounds "7"]
[EventCountry "ITA"]
[SourceTitle "EXT 2015"]
[Source "ChessBase"]
[SourceDate "2014.11.20"]
[SourceVersion "1"]
[SourceVersionDate "2014.11.20"]
[SourceQuality "1"]

1. Nf3 Nf6 2. b3 c5 3. Bb2 Nc6 4. g3 g6 5. Bg2 Bg7 6. 0-0 0-0 7. d3 d6 8. e4 e5 9. Nc3 Rb8 10. a4 a6 11. Bc1 h6 12. Be3 Ng4 13. Bd2 f5 14. Nh4 Kh7 15. Bh3 h5 16. exf5 gxf5 17. Bg2 Be6 18. h3 Nf6 19. Bg5 Qe8 20. Ne2 d5 21. Re1 Rd8 22. Kh2 Rd7 23. Ng1 e4 24. Ne2 Ne7 25. Nf4 Bf7 26. Rb1 Rg8 27. Bf1 Bh8 28. Bxf6 Bxf6 29. Nhg2 h4 30. Be2 hxg3+ 31. fxg3 Bd4 32. Rf1 Nc6 33. Nh4 Qe5 34. Bh5 Rg5 35. Nhg2 Bxh5 36. Nxh5 Rdg7 37. Ngf4 e3 38. Nxg7 Rxg7 39. Qh5+ Kg8 40. Ne2 Ne7 41. Qe8+ Kh7 42. Rf4 Ng6 43. Qxe5 Bxe5 44. Rxf5 d4 45. Rbf1 Kg8 46. Rg5 Ne7 1-0

[Event "Messina op 2nd"]
[Site "Messina"]
[Date "2012.09.01"]
[Round "8"]
[White "Gelardi, Davide"]
[Black "Cannella, Carlo Umberto"]
[Result "1/2-1/2"]
[WhiteElo "1755"]
[BlackElo "1950"]
[PlyCount "31"]
[EventDate "2012.08.27"]
[EventType "swiss"]
[EventRounds "8"]
[EventCountry "ITA"]
[SourceTitle "EXT 2014"]
[Source "ChessBase"]
[SourceDate "2013.11.20"]
[SourceVersion "1"]
[SourceVersionDate "2013.11.20"]
[SourceQuality "1"]

1. Nf3 Nf6 2. c4 g6 3. Nc3 d5 4. d4 Bg7 5. Bf4 c5 6. dxc5 0-0 7. Nxd5 Nxd5 8. cxd5 Bxb2 9. Rb1 Qa5+ 10. Bd2 Bc3 11. Rc1 Bxd2+ 12. Qxd2 Qa3 13. e4 Na6 14. Bxa6 Qxa6 15. Qe2 Qa5+ 16. Qd2 1/2-1/2

[Event "Messina op 2nd"]
[Site "Messina"]
[Date "2012.08.31"]
[Round "6"]
[White "Buda, Elvin"]
[Black "Gelardi, Davide"]
[Result "0-1"]
[WhiteElo "1842"]
[BlackElo "1755"]
[PlyCount "110"]
[EventDate "2012.08.27"]
[EventType "swiss"]
[EventRounds "8"]
[EventCountry "ITA"]
[SourceTitle "EXT 2014"]
[Source "ChessBase"]
[SourceDate "2013.11.20"]
[SourceVersion "1"]
[SourceVersionDate "2013.11.20"]
[SourceQuality "1"]

1. Nf3 d5 2. d4 c5 3. e3 e6 4. c3 Nf6 5. Bd3 Nc6 6. Nbd2 cxd4 7. exd4 Bd6 8. 0-0 0-0 9. Re1 Qc7 10. Nf1 h6 11. Bd2 e5 12. dxe5 Nxe5 13. Nxe5 Bxe5 14. Qe2 Re8 15. Bf4 Bg4 16. Bxe5 Bxe2 17. Bxc7 Bxd3 18. Rxe8+ Rxe8 19. Rd1 Bb5 20. Ne3 Bc6 21. h3 Kh7 22. Nf5 Re2 23. Rd3 Ne4 24. f3 Nc5 25. Re3 Rxb2 26. Re7 Kg6 27. Nh4+ Kf6 28. Bd8 Ne6 29. Rxb7+ Nxd8 30. Rxb2 g5 31. Rb8 Ne6 32. Rh8 Kg7 33. Rc8 Bd7 34. Nf5+ Kf6 35. Nd6 Bxc8 36. Nxc8 a6 37. Nd6 Nc5 38. g4 Na4 39. c4 dxc4 40. Nxc4 Nc3 41. a3 Ne2+ 42. Kf2 Nf4 43. Ke3 Nxh3 44. Kd4 Ng1 45. Nd2 Ke6 46. Kc5 Ke5 47. Kb6 Kf4 48. Kxa6 Nxf3 49. Nxf3 Kxf3 50. Kb5 Kxg4 51. a4 f5 52. Kc4 f4 53. a5 f3 54. Kd3 Kg3 55. Ke3 f2 0-1

[Event "Messina op-B 1st"]
[Site "Messina"]
[Date "2011.08.29"]
[Round "2"]
[White "Gelardi, Davide"]
[Black "Velardi, Giovanni"]
[Result "0-1"]
[WhiteElo "1551"]
[BlackElo "1706"]
[PlyCount "108"]
[EventDate "2011.08.28"]
[EventType "swiss"]
[EventRounds "3"]
[EventCountry "ITA"]
[SourceTitle "EXT 2024"]
[Source "ChessBase"]
[SourceDate "2023.10.10"]
[SourceVersion "1"]
[SourceVersionDate "2023.10.10"]
[SourceQuality "1"]

1. e4 c6 2. d4 d5 3. Nc3 dxe4 4. Nxe4 Bf5 5. Bd3 e6 6. Nf3 Nd7 7. 0-0 Bg6 8. c4 Ngf6 9. Ng3 Bxd3 10. Qxd3 Bd6 11. b3 0-0 12. Bb2 Qc7 13. Rfe1 Rad8 14. Rad1 Rfe8 15. Ne4 Nxe4 16. Rxe4 Nf6 17. Rh4 h6 18. Qe3 c5 19. Re1 Nd7 20. Qc3 Be7 21. Rh3 Bf6 22. Qc2 cxd4 23. Nxd4 Nf8 24. Nb5 Qa5 25. Bc3 Bxc3 26. Nxc3 Rd4 27. Rhe3 Red8 28. Re5 Qc7 29. R5e2 a6 30. g3 Ng6 31. Nb1 Ne7 32. Rd2 Nc6 33. a3 Ne5 34. Re3 Qd6 35. Rxd4 Qxd4 36. Nc3 Nc6 37. Re4 Qd3 38. Qxd3 Rxd3 39. Re3 Rxe3 40. fxe3 Na5 41. Kf2 Nxb3 42. Ne4 Kf8 43. Ke2 Ke7 44. Kd3 f5 45. Nc3 Kd6 46. e4 Nc5+ 47. Ke3 Nxe4 48. Nxe4+ fxe4 49. Kxe4 e5 50. h4 g6 51. c5+ Ke6 52. g4 a5 53. a4 Kf6 54. Kd5 h5 0-1